000 00439nam a2200157 4500
001 113620
003 ES-MaACL
005 20230906185948.0
007 t|
008 061121s1964 sp r ||||1| cat d
100 1 _aPalau Casellas, Fermi.
_988493
245 1 0 _aPoemas a l'amada /
_cPalau Casellas, Fermi.
260 _aLérida :
_bArtis Estudios Gráficos,
_c1964.
300 _a73 p. ;
_c20 cm.
852 _aES-MaACL
_jC-26886
_bR.55637
999 _c113620
_d113620